000
00315nam a2200121Ia 4500
008
210428s9999 xx 000 0 und d
082
_a
545 H254 Q
100
_a
Daniel C.Harris
_9
52173
245
0
_a
Quantitative Chemical Analysis
260
_b
W.H.Freeman company
_a
New york
_c
1999
300
_a
899p
942
_c
BK
999
_c
559939
_d
559939